000 00680nam a2200181 i 4500
001 48445
003 ES-MaACL
005 20251215190802.0
007 t|
008 030820s1912 fr ||||1| fre d
100 1 _aDu Deffand, Marie de Vichy-Chamrond
_cMarquise.
_945705
245 1 0 _aLettres de la marquise du Deffand à Horace Walpole (1766-1780) /
_cpubliées... avec une introduction des notes et une table des noms par Mrs. Paget Toynbee.
260 _aLondon :
_b[s.n.],
_c1912 (
_eEdinburgh :
_fBallantyne, Hanson & Cie)
300 _a3 v. ;
_c23 cm.
700 1 _aToynbee, Paget Jackson,
_d1855-1932
_9111195
852 _aES-MaACL
_jF-7853-55
999 _c48445
_d48445